| 000 | 00977nam a2200229Ia 4500 | ||
|---|---|---|---|
| 999 |
_c36517 _d36517 |
||
| 001 | 2435 | ||
| 003 | GE_BSU | ||
| 005 | 20211125132731.0 | ||
| 008 | 181216s2006||||ge |||||||||||||| ||geo|| | ||
| 040 | _cGE_BSU | ||
| 041 | _ageo | ||
| 080 | _a340.11(042.4) ს–16 | ||
| 100 |
_aსავანელი, ბიძინა _913044 |
||
| 245 |
_aიურიდიული მეთოდები : _bლექციების კურსი იურიდიული ფაკ–ის სტუდენტებისათვის / _cბიძინა სავანელი. |
||
| 250 | _aმე-2 გამოც. | ||
| 264 |
_aთბილისი : _b[უნივერსალი], _c2008. |
||
| 300 |
_a105 გვ.; _b20 სმ. |
||
| 504 | _a ბიბლიოგრ. ტექსტ. შენიშვნ. | ||
| 520 | _a რეზ. ინგლ. ენ. | ||
| 653 | _aიურიდიული მეთოდები. | ||
| 942 |
_cBK _2udc |
||